| 000 | 01418nam a2200313Ia 4500 | ||
|---|---|---|---|
| 001 | 113403 | ||
| 003 | DR-UNIBE | ||
| 005 | 20250402150125.0 | ||
| 008 | 25040222022 dr spa a 0000000000spa00 | ||
| 020 | _a9789945643473 (impreso) | ||
| 020 | _a9789945643497 (electrónico) | ||
| 040 |
_aBIBLIOTECA UNIBE _cBIBLIOTECA UNIBE _bspa |
||
| 041 | _aspa | ||
| 082 | 0 | _aRD 348.04 M671p 2022 | |
| 100 | 1 | 0 |
_aMirabal, Minerva _q(Mirabal Reyes, Minerva Argentina), _d1926-1960 _eautor _9193814 |
| 245 | 1 | 3 |
_aEl principio de la irretroactividad de las leyes y la jurisprudencia dominicana / _cMinerva Mirabal |
| 250 | _aPrimera edición | ||
| 260 | 4 |
_aSanto Domingo : _bTribunal Constitucional de la República Dominicana. Centro de Estudios Constitucionales, _c2022 |
|
| 300 | 4 | _a71 páginas | |
| 490 | _aColección Clásicos de Derecho Constitucional | ||
| 500 | 4 | _aTesis de grado presentada en la Universidad de Santo Domingo 1957 | |
| 504 | _aIncluye referencias bibliográficas (página: 71) e índice | ||
| 505 | 0 | _aIntroducción | Capítulo I. Teoría general de la retroactividad | Capítulo II. Derecho francés | Capítulo III. Derecho dominicano | Conclusiones | Bibliografía | |
| 650 | 7 |
_aLeyes _9141884 _2lemb |
|
| 650 | 7 |
_aInterpretación del derecho _9105521 _2lemb |
|
| 700 | 1 |
_aRay Guevara, Milton, _d1948- _epresentación |
|
| 942 |
_cBK _2ddc |
||
| 951 | _a20061022 10:18:00 | ||
| 999 |
_c113403 _d113403 |
||